000
00220 a2200097 4500
001
59471
100
_a
245
_a
Habib Jalib-Ghar ki Gawahi (Urdu)
260
_a
Karachi
_b
Zaki Sons
_c
090
_c
36393
_d
36393
942
_a
NUST-CAE
_c
MONOGRAPH
_c
29328
999
_c
294544
_d
294544